Statistiques concernant Petit Bac #20 - Communes du Languedoc-Roussillon

Cliquez ici pour prendre le quiz!

Statistiques générales

  • Ce quiz a été pris 152 fois
  • Le résultat moyen est 7 sur 12

Statistiques - réponses

1ère Lettre Commune (7500+ hab.) % Correct
MMontpellier / Mauguio / Mende / Marguerittes / Mèze
96%
NNîmes / Narbonne
93%
BBéziers / Bagnols-sur-Cèze / Beaucaire
87%
PPerpignan / Pont-Saint-Esprit / Pérols / Pézenas
87%
CCarcassonne / Castelnau-le-Lez / Castelnaudary / Canet-en-Roussillon / Cabestany
77%
AAlès / Agde / Argelès-sur-Mer
75%
SSète / Saint-Gilles / Saint-Esteve / Saint-Cyprien / Saint-Jean-de-Védas / Saint-Laurent-de-la-Salanque / Saint-Gély-du-Fesc
68%
LLunel / Lattes / Limoux / Lézignan-Corbières / Les Angles
54%
UUzès
48%
VVilleneuve-lès-Avignon / Vauvert / Villeneuve-lès-Maguelone
26%
FFrontignan
24%
RRivesaltes
10%

Distribution des résultats

Percentile by Number Answered

% des personnes avec chaque résultat

Votre développement - résultats

Vous n’avez pas pris ce quiz